Score 0/45 Timer 05:00
3 Plays Today
% Correct
Chicago
92.3%
Barack Obama
91.6%
Abraham Lincoln
90.9%
Calgary
90.3%
Ottawa
89.6%
Big Ben
89.5%
Houston
89.4%
Glasgow
89.3%
Los Angeles
89.1%
Justin Trudeau
88.8%
Montreal
88.7%
Cardiff
88.7%
New York City
88.4%
Toronto
88.4%
George Washington
88.1%
Manchester
87.9%
Golden Gate Bridge
87.9%
Margaret Thatcher
87.7%
Theodore Roosevelt
87.5%
Edmonton
87.3%
Phoenix
87.3%
Stonehenge
87%
Leeds
86.8%
% Correct
Banff National Park
86.3%
Sheffield
85.5%
Grand Canyon
85.2%
Windsor Castle
84.8%
CN Tower
84.4%
Winston Churchill
84%
Statue of Liberty
84%
Mount Rushmore
82.9%
Tony Blair
81.6%
Fundy National Park
78.3%
John A. Macdonald
75.4%
The Butchart Gardens
74.5%
Confederation Bridge
74.2%
Gateway Arch
72.4%
Giant's Causeway
71.8%
John Tyler
70.3%
Lester B. Pearson
67.2%
Paul Martin
63.5%
Robert Walpole
62%
William Lyon Mackenzie King
59.8%
William Pitt
56.6%
Ben Nevis
51.9%
Remove Ads.
Support Sporcle.
Get the best of Sporcle when you Go Orange. This ad-free experience offers more features, more stats, and more fun while also helping to support Sporcle. Thank you for becoming a member.

You're not logged in!

Compare scores with friends on all Sporcle quizzes.
OR
Log In

Sporcle TV

Today on Sporcle TV


Watch our educational content, quiz creation guides, and fun videos on Sporcle TV.

Show Comments

Extras

Top Quizzes Today


Score Distribution

Paid Content

Your Account Isn't Verified!

In order to create a playlist on Sporcle, you need to verify the email address you used during registration. Go to your Sporcle Settings to finish the process.

Report this User

Report this user for behavior that violates our Community Guidelines.

Details: